| 000 | 00787nam a2200229 a 4500 | ||
|---|---|---|---|
| 001 | FIB031389 | ||
| 005 | 20180302110457.0 | ||
| 008 | |||
| 020 | _a9715555179 | ||
| 100 | _aRoces, Alfredo. | ||
| 245 | 1 | 0 |
_aAdios, Patria Adorada : _bthe Filipino as ilustrado, the ilustrado as Filipino / _cAlfredo Roces. |
| 300 |
_ax, 314 p. : _bill. ; _c23 cm. |
||
| 336 | _atext | ||
| 337 | _aunmediated | ||
| 338 | _avolume | ||
| 504 | _aIncludes bibliographical references and index. | ||
| 650 |
_aPhilippines _xHistory _y19th century. |
||
| 650 | _aNational characteristics, Philippine. | ||
| 650 |
_aElite (Social Sciences) _zPhilippines _xPolitical activity. |
||
| 740 | _aThe Filipino as ilustrado, the ilustrado as Filipino. | ||
| 942 |
_2lcc _cBK |
||
| 999 |
_c40890 _d40890 |
||